Sprachvarietäten des Deutschen auf phonetischer Ebene

Salvato in:
Dettagli Bibliografici
Autore principale: Adamcová, Lívia
Natura: Capitolo di libro
Lingua:tedesco
Soggetti:
Tags: Aggiungi Tag
Nessun Tag, puoi essere il primo ad aggiungerne!!

MARC

LEADER 00000naa$a2200000$$$4500
001 0105309
005 20240502083250.3
041 0 |a ger 
044 |a PL 
245 1 0 |a Sprachvarietäten des Deutschen auf phonetischer Ebene  |c Lívia Adamcová 
610 2 0 |a jazykoveda 
610 2 0 |a jazyky cudzie 
610 2 0 |a nemčina 
100 1 |a Adamcová, Lívia